=LDR 00000nam 2200000 4500 =001 000324 =005 20250710022403 =035 ##$$a 0010-0725000177 =007 ta =008 250710################a##########0#ind## =020 ##$$a 978-623-307-701-9 =082 ##$$a 398.209 598 =084 ##$$a 398.209 598 FOU s =100 #$$a Foundation, Herstory =245 1#$$a Sang Politikus : $b Sheikh Hasina /$c Herstory Foundation =250 ##$$a Cetakan Pertama =260 ##$$a Jakarta Timur :$b Badan Pengembangan dan Pembinaan Bahasa,$c 2024 =300 ##$$a 8 hlm. : $b ilus. ; $c 22 cm =650 #4$$a Cerita Anak Indonesia-Terjemahan =650 #4$$a Literasi-Bahan Bacaan =856 ##$$a TBM As Suhada =990 ##$$a TBM00240024